000
00291nam a2200097Ia 4500
082
_a
J|598.9|DELA
245
0
_a
100 things you should know about birds of prey
100
_a
DE LA BEDOYERE, Camilla Broomall, [c.2011]
942
_c
BK
008
210817s9999 xx 000 0 und d
999
_c
224605
_d
224604